000 00655nam a2200277Ia 4500
005 20260324123216.0
008 008 260324s9999 xx 000 0 eng d
020 _a9781351219662
037 _aEBOOK
040 _aCRL
040 _beng
040 _cCRL
041 _2eng
041 _aeng
084 _qCRL
100 _aDuncan Fishwick
_9898355
245 0 _aCult, Ritual, Divinity and Belief in the Roman World
260 _bTaylor and Francis
260 _c2012
365 _a
365 _b240
856 _uhttp://www.taylorfrancis.com/books/9781351219662
942 _cEBOOK
999 _c1762754
_d1762754